000 00787nam a22002177a 4500
003 UA-OsUOA
001 115747
007 ta
008 20160118b un ||||| |||| 00| 0 ukr d
100 _aПопович З.О.
090 _a330(477)
_bП58
942 _cSA
040 _aUA-OsUOA
_bukr
_cUA-OsUOA
_dUA-OsUOA
245 _aДо питань про можливість співіснування ринковиї, планових і адміністративних механізмів господарювання в економічній системі СРСР
300 _aС.3-15
955 _a0
041 _aukr
080 _a330(477)
773 0 _w115746
_tНаука та наукознавство
_dК.
_d2015
_g3
650 7 _a330 Економіка взагалі
_2UDC
999 _c401560
_d401560